000 00759nam a2200205Ii 4500
003 JO-AjNU
008 230605s9999||||xx |||||||||||||| ||und||
017 _a11064/2015
040 _aJO-AjNU
_bara
_erda
_cJO-AjNU
041 _aara
050 1 4 _aKZ5665 2015
100 3 _aاحمد، فتحي مختار علي,
_eauthor
_964461
245 0 0 _aحظر امتلاك واستخدام الأسلحة الكيماوية في ضوء قواعد ومبادئ القانون
264 3 1 _aالقاهرة:دار النهضة العربية ،2015
300 _a574ص
336 _atext
_btxt
_2rdacontent
337 _aunmediated
_bn
_2rdamedia
338 _avolume
_bnc
_2rdacarrier
650 4 _aالاسلحة الكيماوية-القانون الدولي
_964462
999 _aA29378
_c32946
_d32946